Clubs de football les plus valorisés au monde - Statistiques

Statistiques générales
  • Ce quiz a été pris 136 fois
  • Le résultat moyen est 21 sur 25
Statistiques - réponses
Valeur Pays Club % Correct
2,89 Md€ 24e298df9d-235.webp Arsenal
100%
4,80 Md€ c517051699-235.webp FC Barcelone
100%
4,51 Md€ 24e298df9d-235.webp Manchester City
100%
5,61 Md€ 24e298df9d-235.webp Manchester United
100%
3,91 Md€ RLw0d1b.png Paris Saint-Germain
100%
5,74 Md€ c517051699-235.webp Real Madrid
100%
1,28 Md€ badd74bf35-235.webp AC Milan
99%
4,34 Md€ 7e7c48df12-235.webp Bayern Munich
99%
0,98 Md€ badd74bf35-235.webp Inter Milan
99%
1,74 Md€ 7e7c48df12-235.webp Borussia Dortmund
98%
1,45 Md€ c517051699-235.webp Atlético Madrid
97%
1,83 Md€ badd74bf35-235.webp Juventus Turin
97%
4,59 Md€ 24e298df9d-235.webp Liverpool
97%
2,76 Md€ 24e298df9d-235.webp Chelsea
93%
1,02 Md€ 1123d89df7-235.webp Inter Miami CF
93%
2,81 Md€ 24e298df9d-235.webp Tottenham Hotspur
90%
0,77 Md€ 24e298df9d-235.webp Aston Villa
81%
1,06 Md€ 1123d89df7-235.webp LAFC
80%
0,96 Md€ 24e298df9d-235.webp West Ham United
69%
0,94 Md€ 24e298df9d-235.webp Newcastle United
67%
0,74 Md€ 1123d89df7-235.webp New York City FC
63%
0,73 Md€ 24e298df9d-235.webp Brighton & Hove Albion
54%
0,85 Md€ 1123d89df7-235.webp LA Galaxy
43%
0,72 Md€ 24e298df9d-235.webp Fulham
38%
0,83 Md€ 1123d89df7-235.webp Atlanta United FC
18%
Aucun quiz correspondant
Distribution des résultats
% des personnes avec chaque résultat
Percentile par nombre de réponses
Votre historique - résultats
Vous n’avez pas pris ce quiz